000
00294nam a22001337a 4500
082
_a
891.4393 ANW
100
_a
Anwar Raja
245
_a
Jhotay roop k darshan
260
_a
Lahore
_b
Jhangir Books
300
_a
136p. :
_e
22 cm
650
_a
Urdu literature
700
_a
Raja Anwar
942
_c
BK
999
_c
11681
_d
11681